[Event "Botafogo Fexerj op"]
[Site "Botafogo"]
[Date "2015.01.24"]
[Round "4"]
[White "Zoratto, Dante Leonardo"]
[Black "Honda, Helcio Eiji"]
[Result "0-1"]
[WhiteElo "1777"]
[BlackElo "1796"]
[PlyCount "141"]
[EventDate "2015.01.23"]
[EventType "swiss"]
[EventRounds "6"]
[EventCountry "BRA"]
[SourceTitle "CBM 164 Extra"]
[Source "ChessBase"]
[SourceDate "2015.03.02"]
[SourceVersion "1"]
[SourceVersionDate "2015.03.02"]
[SourceQuality "1"]

1. d4 d5 2. Nf3 Nf6 3. g3 Bf5 4. Bg2 e6 5. 0-0 c5 6. c3 Nbd7 7. Nbd2 Ne4 8. Nxe4 Bxe4 9. Nd2 Bxg2 10. Kxg2 Rc8 11. e4 dxe4 12. Nxe4 Be7 13. Qf3 cxd4 14. cxd4 b6 15. Rd1 0-0 16. d5 exd5 17. Rxd5 Qc7 18. Nc3 Nf6 19. Bf4 Qc6 20. Rd3 Qxf3+ 21. Kxf3 Rfd8 22. Rad1 Rxd3+ 23. Rxd3 Rd8 24. Rxd8+ Bxd8 25. Bg5 h6 26. Be3 Nd7 27. Ke4 Bf6 28. Bd4 Kf8 29. Nd5 Bxd4 30. Kxd4 f6 31. f4 Kf7 32. b4 Ke6 33. Nc7+ Kf5 34. h3 g5 35. fxg5 fxg5 36. Nd5 Ne5 37. g4+ Ke6 38. Ke4 Nc6 39. a3 Ne5 40. Nc7+ Kf6 41. Nd5+ Ke6 42. Ne3 Ng6 43. Nd5 Kd6 44. Nc3 a6 45. Nd5 b5 46. Ne3 Ke6 47. Nf5 Nf4 48. Nxh6 Nxh3 49. Nf5 Nf2+ 50. Kf3 Nd1 51. Ke4 Nc3+ 52. Kd3 Nb1 53. Nd4+ Ke5 54. Nc6+ Kf4 55. Nb8 Nxa3 56. Nxa6 Nc4 57. Nc7 Nd6 58. Ne6+ Kxg4 59. Nxg5 Kxg5 60. Kd4 Kf6 61. Kd5 Ke7 62. Kc6 Ke6 63. Kc5 Kd7 64. Kd5 Nb7 65. Ke5 Kc6 66. Kd4 Nd6 67. Kc3 Kd5 68. Kd3 Nc4 69. Kc3 Ne5 70. Kb3 Kd4 71. Ka3 0-1

[Event "Botafogo Fexerj op"]
[Site "Botafogo"]
[Date "2015.01.23"]
[Round "2"]
[White "Silva, Marcelo dos Santos"]
[Black "Honda, Helcio Eiji"]
[Result "1-0"]
[WhiteElo "2013"]
[BlackElo "1796"]
[PlyCount "57"]
[EventDate "2015.01.23"]
[EventType "swiss"]
[EventRounds "6"]
[EventCountry "BRA"]
[SourceTitle "CBM 164 Extra"]
[Source "ChessBase"]
[SourceDate "2015.03.02"]
[SourceVersion "1"]
[SourceVersionDate "2015.03.02"]
[SourceQuality "1"]

1. c4 c6 2. Nc3 d5 3. d4 dxc4 4. e4 Nf6 5. Nf3 Bg4 6. Bxc4 e6 7. Be3 Bb4 8. Bd3 0-0 9. 0-0 Nbd7 10. Rc1 a6 11. a3 Be7 12. Be2 Rc8 13. Qb3 b5 14. Rfd1 Qc7 15. h3 Bh5 16. d5 c5 17. dxe6 c4 18. exf7+ Rxf7 19. Qc2 Bxf3 20. Bxf3 Ne5 21. Be2 Bd6 22. Bd4 Nc6 23. Bxf6 Rxf6 24. Nd5 Qf7 25. Nxf6+ Qxf6 26. Qd2 Bf4 27. Qd5+ Kh8 28. Rb1 Rd8 29. Qxc6 1-0